000
00222 a2200097 4500
001
32765
100
_a
Castle Frank
245
_a
Ve-Figure Log & other tables
260
_a
London
_b
Oliver & Boyd
_c
090
_c
21953
_d
21953
942
_a
NUST-CAE
_c
M
_c
13284
999
_c
267838
_d
267838